| 000 | 01296nam a22002775a 4500 | ||
|---|---|---|---|
| 003 | OSt | ||
| 005 | 20180124104116.0 | ||
| 008 | 180124s2014 ua frbe 000 0 ara d | ||
| 040 |
_aEG-ScBUE _bara _cEG-ScBUE |
||
| 043 | _af-ua--- | ||
| 082 | 0 | 4 |
_a347.62077 _bج م ي _222 |
| 100 | 1 | _aجميلي، هشام عبد الحميد. | |
| 245 | 1 | 0 |
_aموسوعة القضاء المدني العملي في تسبيب الأحكام المدنية وأعمال القاضي المدني والدفوع المدنية وأحكام السجل العيني والشهر العقاري / _cهشام عبد الحميد الجميلي. |
| 246 | 3 | 0 | _aتسبيب الأحكام المدنية |
| 260 |
_aالقاهرة : _bنادي القضاة، _c2014. |
||
| 300 |
_a1499 ص. ؛ _c24 سم. |
||
| 504 | _aيشتمل على إرجاعات ببليوجرافية. | ||
| 541 |
_aدكتور أحمد حمد ؛ _cإهداء ؛ |
||
| 610 | 1 | 7 |
_aمصر. _bمحكمة النقض. _2BUEsh _940940 |
| 650 | 7 |
_aالأحكام (قانون مرافعات) _zمصر. _2BUEsh _941069 |
|
| 650 | 7 |
_aقانون الإجراءات المدنية والتجارية _zمصر. _2BUEsh |
|
| 650 | 7 |
_aقانون مرافعات _zمصر. _2BUEsh _941069 |
|
| 651 | _2BUEsh | ||
| 653 |
_bLLAAWW _cJanuary2018 |
||
| 942 | _2ddc | ||
| 999 |
_c26008 _d25980 |
||